000 00907nas a2200301 4500
001 BR2012007095
003 BR-BrBNA
005 20231205121214.0
007 ta
008 230509b bl.|||p| |||| 00| 00por d
040 _aBR-BrBNA
_bpor
_cBiblioteca Nacional de Agricultura
041 _a(Pt)
072 _aF30
100 1 _aFranco, D.A.S.
100 1 _aAlmeida, S.D.B.
100 1 _aCerdeira, A.L.
100 1 _aDuke, S.O.
100 1 _aMoraes, R.M.
100 1 _aLacerda, A.L.S.
100 1 _aMatallo, M.B.
245 1 _aAvaliação do uso de Glyphosate em soja geneticamente modificada e sua relação com o ácido chiquímico
650 _aSOJA
650 _aCRESCIMENTO
650 _aPLANTA TRANSGÊNICA
773 0 _tPlanta Daninha (Brazil)
_xISSN 0100-8358
_g(Jul-Sep 2021), v. 30(3) p. 659-666
_wBR2012007095
909 _a202311
_bLúcia
_c55
_dLúcia Elande
942 _2AGRIS
_n0
_cANA
999 _c222315
_d222315